When doctors disagree : (Record no. 129351)

MARC details
000 -LEADER
fixed length control field 00703nam a22002297a 4500
005 - DATE AND TIME OF LATEST TRANSACTION
control field 20170124110054.0
010 ## - LIBRARY OF CONGRESS CONTROL NUMBER
LC control number 721579
020 ## - INTERNATIONAL STANDARD BOOK NUMBER
Terms of availability 00.00
International Standard Book Number 241024242
035 ## - SYSTEM CONTROL NUMBER
System control number 721579
037 ## - SOURCE OF ACQUISITION
Source of stock number/acquisition Cen Lib/Ret
040 ## - CATALOGING SOURCE
Original cataloging agency DPL
Language of cataloging EN
082 ## - DEWEY DECIMAL CLASSIFICATION NUMBER
Classification number 610
Item number GOL
100 ## - MAIN ENTRY--PERSONAL NAME
Personal name Goldman, Louis
9 (RLIN) 26111
245 ## - TITLE STATEMENT
Title When doctors disagree :
Statement of responsibility, etc by Louis Goldman
Remainder of title controversies in medicine /
260 ## - PUBLICATION, DISTRIBUTION, ETC. (IMPRINT)
Place of publication, distribution, etc London
Name of publisher, distributor, etc Hamish Hamilton
Date of publication, distribution, etc 1973
270 ## - ADDRESS
City London
Address 90 Great Russell Street
300 ## - PHYSICAL DESCRIPTION
Extent 291p.
Dimensions 21cm(Hb)
500 ## - GENERAL NOTE
General note Includes bibliographical references and index<br/>
650 ## - SUBJECT ADDED ENTRY--TOPICAL TERM
Topical term or geographic name as entry element Medical ethics
9 (RLIN) 26112
650 ## - SUBJECT ADDED ENTRY--TOPICAL TERM
Topical term or geographic name as entry element Medical care -- United States
9 (RLIN) 26113
942 ## - ADDED ENTRY ELEMENTS (KOHA)
Source of classification or shelving scheme Dewey Decimal Classification
Koha item type English Books
Classification part 610
Call number suffix GOL
Holdings
Withdrawn status Lost status Damaged status Not for loan Home library Current library Date acquired Source of acquisition Cost, normal purchase price Total Checkouts Full call number Barcode Date last seen Copy number Cost, replacement price Price effective from Koha item type Public note
Written off       Central Library Central Library 06/07/2015 Cen Lib/Ret 0.00   610 GOL 721579 06/07/2015 1 0.00 06/07/2015 English Books Written off on approval by DLB (By Circulation); dtd 15-06-2023

© Delhi Public Library
Hit Counter
free hit counter